| 000 | 00839nam a22002657a 4500 | ||
|---|---|---|---|
| 999 |
_c11774 _d11774 |
||
| 003 | AR-CdUCM | ||
| 008 | 190405b ||||| |||| 00| 0 spa d | ||
| 020 | _a9972-847-60-8 | ||
| 040 |
_aMUNICIPALIDAD PROVINCIAL DEL CUSCO _cBIBLIOTECA MUNICIPAL DEL CUSCO |
||
| 082 |
_aEP / 803 / _bSA26 |
||
| 100 |
_aSaric, Zinka _929304 |
||
| 245 |
_aAinhoa y Nael : _bEl sueƱo de thes / |
||
| 260 |
_aLima : _bAlfaguara, _bGrupo Santillana, _c2005. |
||
| 300 |
_a92 paginas ; _bIlustraciones, graficos, dibujos, _c23 x 20 cm. |
||
| 500 | _aCuento | ||
| 650 |
_aCuentos _9217 |
||
| 650 |
_aHistoria _9136 |
||
| 650 |
_aLiteratura _983 |
||
| 650 |
_aTexto Educativo _925832 |
||
| 700 |
_aGonzales, Mercedes _929305 |
||
| 700 |
_aCanessa, Alessandra _929306 |
||
| 700 |
_aCornejo, Diana _929307 |
||
| 942 |
_2ddc _cLIBROS |
||
| 945 |
_apjha _d2019-04-05 |
||